000 00660nam a2200181Ia 4500
005 20250423100849.0
008 250422s9999 xx 000 0 und d
020 _a9780070589346
050 _aTA 351 .N37/
100 _aNash, William A.
245 0 _aSchaum’s Outline of Theory and Problems of Statics and Mechanics of Materials
260 _aNew Delhi
260 _bTata McGraw-Hill publishing company limited.
260 _c2014
300 _a282 p
650 _a Statics--Problems, exercises, etc. Strength of materials--Problems, exercises, etc. Statics--Outlines, syllabi, etc. Strength of materials--Outlines, syllabi, etc.
942 _cBK
999 _c34571
_d34571